[Event "SV Erkenschwick 3 - SF Essen-Werden 3"]
[Site "VK2 - Saison 2023/24"]
[Date "2024.02.19"]
[Round "6.5"]
[White "Klink, Gerwin"]
[Black "Heuver, Stefan"]
[Result "1/2-1/2"]
[WhiteElo "1584"]
[BlackElo "1833"]
[PlyCount "83"]
[EventDate "2024.??.??"]
[SourceDate "2024.03.03"]

1. d4 d5 2. Nf3 e6 3. Bf4 Bd6 4. Bg3 c5 5. c3 Qc7 6. Nbd2 Nf6 7. e3 Nbd7 8. Bd3
O-O 9. e4 e5 10. O-O exd4 11. cxd4 Bxg3 12. hxg3 cxd4 13. exd5 Nxd5 14. Nxd4
Ne5 15. Rc1 Qb6 16. Bxh7+ Kxh7 17. Qh5+ Qh6 18. Qxe5 Nf6 19. Qf4 g5 20. Qd6 Bg4
21. N2f3 Rh8 22. Qe5 Kg6 23. Nxg5 Qxg5 24. Qxg5+ Kxg5 25. f4+ Kg6 26. Rc7 Rad8
27. f5+ Kg5 28. Nf3+ Bxf3 29. gxf3 Kxf5 30. Rxb7 Rd2 31. Rf2 Rh1+ 32. Kxh1 Rxf2
33. Kg1 Rc2 34. Rxf7 Rxb2 35. Rxa7 Ke5 36. a4 Ra2 37. g4 Kf4 38. Rf7 Kg3 39.
Kf1 Nd5 40. g5 Nf4 41. Ke1 Rxa4 42. Rf6 1/2-1/2

[Event "SV Erkenschwick 3 - SF Essen-Werden 3"]
[Site "VK2 - Saison 2023/24"]
[Date "2024.02.18"]
[Round "6.6"]
[White "Schicktanz, Florian"]
[Black "Vorderbrügge, Franz-Josef"]
[Result "1-0"]
[WhiteElo "1725"]
[BlackElo "1600"]
[PlyCount "133"]
[EventDate "2024.??.??"]
[SourceDate "2024.03.03"]

1. c4 c6 2. Nc3 d5 3. cxd5 cxd5 4. d4 Nf6 5. Bg5 e6 6. e3 Be7 7. Bd3 Nbd7 8.
Nf3 O-O 9. O-O a6 10. Rc1 b5 11. h3 Bb7 12. Re1 Ne4 13. Bxe7 Qxe7 14. Bxe4 dxe4
15. Nd2 f5 16. Qb3 Rab8 17. Ne2 Bd5 {(=)} 18. Qd1 Rfc8 19. Nf4 Nf6 20. Nb3 Nd7
21. Qd2 Bxb3 22. axb3 g5 23. Ne2 Nf6 24. Qa5 Qb7 25. Ra1 Rc6 {(=)} 26. Rec1
Rbc8 27. Rxc6 Rxc6 28. Qd8+ Kf7 29. Nc3 Rc8 30. Qa5 Rc6 31. Rd1 Rd6 32. Qb4 Qb6
33. Ra1 Rc6 34. Qa5 Qxa5 {(=)} 35. Rxa5 Ke7 36. Ra1 Kd6 37. Kf1 h6 38. Ke1 Nd5
39. Kd2 Nb4 40. f3 exf3 41. gxf3 Nd5 42. Nxd5 exd5 43. Kd3 Ke6 44. e4 dxe4+ 45.
fxe4 fxe4+ 46. Kxe4 Rd6 47. d5+ Rxd5 48. Rxa6+ Rd6 49. Rxd6+ Kxd6 50. Kf5 Kd5
51. Kg6 Ke5 52. Kxh6 Kf6 53. Kh5 Kf5 54. b4 Kf4 {(=)} 55. Kg6 g4 56. hxg4 Kxg4
57. Kf6 Kf4 58. Ke6 Ke4 59. Kd6 Kd4 60. b3 Kc3 61. Kc5 Kxb3 62. Kxb5 Kc3 63.
Kc5 Kb3 64. b5 Ka4 65. b6 Ka5 66. b7 Ka6 67. b8=Q 1-0

[Event "SV Erkenschwick 3 - SF Essen-Werden 3"]
[Site "VK2 - Saison 2023/24"]
[Date "2024.02.18"]
[Round "6.7"]
[White "Bauer, Volker"]
[Black "Rolf, Jan"]
[Result "1/2-1/2"]
[WhiteElo "1612"]
[BlackElo "1866"]
[PlyCount "76"]
[EventDate "2024.??.??"]
[SourceDate "2024.03.03"]

1. e4 e6 2. d4 d5 3. exd5 exd5 4. Nf3 Bd6 5. c4 dxc4 6. Bxc4 Nf6 7. O-O O-O 8.
Nc3 Bg4 9. h3 Bh5 10. g4 Bg6 11. Ne5 Ne4 12. Nxg6 Nxc3 13. bxc3 hxg6 14. Qd3
Qh4 15. Kg2 Kh8 16. f4 Nd7 17. Qg3 Qf6 18. g5 Qf5 19. Bd3 Qd5+ 20. Qf3 Qa5 21.
Bd2 f5 22. h4 Kh7 23. h5 Rh8 24. Rh1 Nb6 25. Qh3 Qd5+ 26. Kg3 Nc4 27. Bxc4 Qxc4
28. Kf2 Rae8 29. Qf3 c5 30. d5 Kg8 31. hxg6 Rxh1 32. Rxh1 Qxa2 33. Rd1 Re4 34.
Kg1 Qxd5 35. Qh5 Qe6 36. Qh7+ Kf8 37. Qh8+ Qg8 38. Qh3 Qe6 1/2-1/2

[Event "SV Erkenschwick 3 - SF Essen-Werden 3"]
[Site "VK2 - Saison 2023/24"]
[Date "2024.02.19"]
[Round "6.8"]
[White "Steinke, Hans-JÃ¶rg"]
[Black "Lang, Rolf"]
[Result "1-0"]
[WhiteElo "1595"]
[BlackElo "1475"]
[PlyCount "75"]
[EventDate "2024.??.??"]
[SourceDate "2024.03.03"]

1. d4 Nf6 2. c4 d6 3. Nc3 Bf5 4. Nf3 h6 5. Qb3 Qc8 6. g3 e6 7. Bg2 Nbd7 8. Nh4
Rb8 9. Nxf5 exf5 10. Bh3 g6 11. O-O Bg7 12. Re1 O-O 13. e4 c5 14. exf5 cxd4 15.
Nb5 Qc5 16. fxg6 fxg6 17. Bf4 Ne5 18. Nxd6 Nf3+ 19. Qxf3 Nh5 20. Be6+ Kh7 21.
Ne4 Qb6 22. Bd5 d3 23. Qxd3 Nxf4 24. gxf4 Rxf4 25. Re2 Rbf8 26. Rf1 Qc7 27. b3
R8f5 28. Ng3 Rg5 29. Re4 h5 30. Rxf4 Qxf4 31. Bg2 Be5 32. Qe3 h4 {(=)} 33. Qxf4
Bxf4 34. Ne4 Re5 35. h3 Kh6 36. Rd1 Ra5 37. a4 Kh5 38. Rd5+ 1-0

[Event "Eichlinghofen 2- Kupferdreh"]
[Site "?"]
[Date "2024.02.18"]
[Round "6.2"]
[White "Horenburg, Oliver"]
[Black "Schaefer, Johannes"]
[Result "1/2-1/2"]
[WhiteElo "1827"]
[BlackElo "1884"]
[PlyCount "38"]
[SourceDate "2024.03.03"]

1. d4 Nf6 2. Nf3 g6 3. Bg5 Bg7 4. e3 h6 5. Bxf6 Bxf6 6. Nbd2 O-O 7. Bd3 d6 8.
O-O e5 9. c3 Nc6 10. Qc2 Bg7 11. Rad1 f5 12. dxe5 dxe5 13. Bb5 Qf6 14. e4 a6
15. Bc4+ Kh7 16. h3 fxe4 17. Nxe4 Qf4 18. Nh2 Qh4 19. Bd3 Bf5 1/2-1/2

[Event "Eichlinghofen 2- Kupferdreh"]
[Site "?"]
[Date "2024.02.18"]
[Round "6.3"]
[White "Zagrabski, Kevin"]
[Black "Behle, Burkhard"]
[Result "1/2-1/2"]
[WhiteElo "1835"]
[BlackElo "1824"]
[PlyCount "50"]
[SourceDate "2024.03.03"]

1. d4 d5 2. Nf3 e6 3. Bf4 Nf6 4. e3 Bd6 5. Bg3 Nbd7 6. Nbd2 Bxg3 7. hxg3 Qe7 8.
Ne5 Nxe5 9. dxe5 Nd7 10. Qg4 f5 11. exf6 Nxf6 12. Qg5 Bd7 13. Bd3 O-O-O 14.
O-O-O h6 15. Qh4 g5 16. Qh2 e5 17. e4 Ng4 18. Qg1 d4 19. Be2 Nf6 20. f3 Be6 21.
Kb1 Bf7 22. Qf1 Rdf8 23. Bc4 c6 24. Bxf7 Qxf7 25. Qc4 Qxc4 1/2-1/2

[Event "Eichlinghofen 2- Kupferdreh"]
[Site "?"]
[Date "2024.02.18"]
[Round "6.4"]
[White "Dekhtyaryuk, Dimitri"]
[Black "Bauriedel, Friedrich"]
[Result "1/2-1/2"]
[WhiteElo "1813"]
[BlackElo "1836"]
[PlyCount "86"]
[SourceDate "2024.03.03"]

1. c4 c5 2. Nc3 Nc6 3. Nf3 e5 4. d3 d6 5. g3 g6 6. Bg2 Bg7 7. O-O Nge7 8. Bd2
O-O 9. Rb1 Rb8 10. a3 h6 11. b4 b6 12. b5 Nd4 13. Nxd4 cxd4 14. Na2 Bb7 15. Nb4
Bxg2 16. Kxg2 f5 17. Na6 Rb7 18. Qb3 Kh7 19. a4 g5 20. Qa3 Ng6 21. Nb4 f4 22.
Nc6 Qf6 23. f3 h5 24. a5 Qe6 25. axb6 axb6 26. Qa6 Qd7 27. Bb4 Rf6 28. Qa8 Rf8
29. Qa3 Rf6 30. Ra1 fxg3 31. hxg3 h4 32. Rh1 Bh6 33. g4 Nf4+ 34. Kf2 Ne6 35.
Bxd6 Nc5 36. Bxe5 Rf8 37. Bxd4 Qxg4 38. Rag1 Qf5 39. Bxc5 bxc5 40. Qc1 Rf6 41.
Qd2 Rd7 42. Ke1 Re6 43. Kd1 Qf6 1/2-1/2

[Event "Eichlinghofen 2- Kupferdreh"]
[Site "?"]
[Date "2024.02.18"]
[Round "6.5"]
[White "Kaesemann, Holger"]
[Black "Milkert, Sascha"]
[Result "1/2-1/2"]
[WhiteElo "1663"]
[BlackElo "1753"]
[PlyCount "58"]
[SourceDate "2024.03.03"]

1. d4 d5 2. Nc3 Nf6 3. Bf4 c6 4. Qd2 Bf5 5. Nf3 e6 6. Ne5 Bb4 7. f3 Nbd7 8. g4
Bg6 9. h4 h6 10. Nxg6 fxg6 11. e3 c5 12. Bd3 Kf7 13. h5 g5 14. Bg6+ Ke7 15. Bg3
cxd4 16. exd4 Rc8 17. O-O Qa5 18. Be1 Rc6 19. Qe2 Qb6 20. Rd1 Bd6 21. Na4 Qc7
22. Nc3 Bf4 23. Nb5 Qb8 24. Bb4+ Kd8 25. a4 a6 26. Na3 Bd6 27. Ba5+ b6 28. Qxa6
Bxa3 29. bxa3 Qg3+ 1/2-1/2

[Event "Eichlinghofen 2- Kupferdreh"]
[Site "?"]
[Date "2024.02.18"]
[Round "6.6"]
[White "Buechle, Manfred"]
[Black "Temming, Markus"]
[Result "1-0"]
[WhiteElo "1695"]
[BlackElo "1643"]
[Annotator "daniel"]
[PlyCount "48"]
[SourceDate "2024.03.03"]

1. e4 e6 2. d4 d5 3. exd5 exd5 4. Bd3 Bd6 5. Nf3 Nf6 6. Bg5 O-O 7. O-O Bg4 8.
Nbd2 Nbd7 9. c3 c6 10. Qc2 Qc7 11. Rfe1 Rfe8 12. h3 Be6 13. Nf1 h6 14. Bh4 Nh5
15. Ne5 Nxe5 16. dxe5 Bxe5 17. Qe2 Nf4 18. Qc2 Nxd3 19. Qxd3 Bd6 20. Bg3 Bxg3
21. Nxg3 Re7 22. Re3 Rae8 23. Rae1 b5 24. b4 Qd7 {Rest nicht lesbar!} 1-0

[Event "Eichlinghofen 2- Kupferdreh"]
[Site "?"]
[Date "2024.02.18"]
[Round "6.7"]
[White "Schaefer, Karl"]
[Black "Lenz, Helmut"]
[Result "0-1"]
[WhiteElo "1550"]
[BlackElo "1965"]
[PlyCount "64"]
[SourceDate "2024.03.03"]

1. e4 Nc6 2. d4 d5 3. e5 Bf5 4. Bd3 Bg6 5. Be3 e6 6. Ne2 Nge7 7. Ng3 Nb4 8.
Bxg6 hxg6 9. c3 Nbc6 10. Bg5 Qd7 11. Bxe7 Bxe7 12. Nd2 Bg5 13. Nf3 Bh6 14. Qc2
Ne7 15. a4 Nf5 16. Ne2 g5 17. g4 Nh4 18. Nfg1 Ng2+ 19. Kf1 Nh4 20. Qb3 O-O 21.
Qb5 c6 22. Qd3 f6 23. Qg3 Rf7 24. Ke1 Raf8 25. f4 fxe5 26. dxe5 d4 27. Rd1 Qd5
28. Nxd4 Qxh1 29. Nxe6 Qe4+ 30. Ne2 gxf4 31. Qxh4 f3 32. N6d4 fxe2 0-1

[Event "Eichlinghofen 2- Kupferdreh"]
[Site "?"]
[Date "2024.02.18"]
[Round "6.8"]
[White "Buechle, Regina"]
[Black "Fiedler, Christian"]
[Result "1/2-1/2"]
[WhiteElo "1703"]
[BlackElo "1475"]
[PlyCount "39"]
[SourceDate "2024.03.03"]

1. d4 d5 2. Nf3 Nf6 3. c4 e6 4. cxd5 exd5 5. Nc3 c6 6. Qc2 Be7 7. Bf4 O-O 8. e3
Nbd7 9. Bd3 Re8 10. O-O Nf8 11. a3 Ng6 12. Bg3 Bd6 13. b4 Bxg3 14. hxg3 a6 15.
Rfe1 Qd6 16. Bf5 Bxf5 17. Qxf5 Re7 18. Nd2 Rae8 19. Nb3 b6 20. Rac1 1/2-1/2

[Event "Kamen 2- Listiger Bauer"]
[Site "?"]
[Date "2024.02.18"]
[Round "6.1"]
[White "Kunisch, Siegfried"]
[Black "Zeitz, Max"]
[Result "1-0"]
[WhiteElo "2070"]
[BlackElo "1792"]
[PlyCount "73"]
[SourceDate "2024.03.03"]

1. e4 e5 2. Nf3 Nc6 3. Bc4 Nf6 4. Ng5 d5 5. exd5 b5 6. Bf1 Nd4 7. c3 Nxd5 8. h4
h6 9. Nxf7 Kxf7 10. cxd4 exd4 11. Bxb5 Rb8 12. Bc4 Qe7+ 13. Qe2 Qxe2+ 14. Kxe2
Be6 15. d3 Bd6 16. Re1 Nb4 17. Bxe6+ Kxe6 18. Kd2+ Kd7 19. Re4 Rhf8 20. f3 c5
21. Na3 Rbe8 22. Nc4 Rxe4 23. dxe4 Rf4 24. Ke2 Rxh4 25. Bd2 d3+ 26. Kf2 Nc2 27.
Rd1 Ke6 28. Bc3 g5 29. Nxd6 Kxd6 30. Rxd3+ Kc6 31. Rd2 Nb4 32. Bxb4 cxb4 33.
Ke3 Rf4 34. g3 Rf7 35. e5 Kc5 36. Ke4 h5 37. f4 1-0

[Event "Kamen 2- Listiger Bauer"]
[Site "?"]
[Date "2024.02.18"]
[Round "6.2"]
[White "Bals, Jochen"]
[Black "Mandl, Stefan"]
[Result "1-0"]
[WhiteElo "1894"]
[BlackElo "1980"]
[PlyCount "109"]
[SourceDate "2024.03.03"]

1. e4 c5 2. d4 cxd4 3. c3 dxc3 4. Nxc3 Nc6 5. Nf3 d6 6. Bc4 a6 7. O-O Nf6 8.
Bf4 Qa5 9. h3 Ne5 10. Bxe5 dxe5 11. a3 e6 12. Qe2 Be7 13. b4 Qc7 14. b5 O-O 15.
Rfc1 Bd7 16. a4 Rfc8 17. bxa6 bxa6 18. Bxa6 Re8 19. Nb5 Qa5 20. Nc7 Rxa6 21.
Qxa6 Qxa6 22. Nxa6 Nxe4 23. Nxe5 Bc8 24. Nc7 Rf8 25. Nc4 Nc5 26. Ra2 Bb7 27. a5
Rc8 28. a6 Rxc7 29. axb7 Nxb7 30. Ra8+ Bf8 31. Rb1 f6 32. Ne3 Nc5 33. Rbb8 Nd7
34. Rc8 Rxc8 35. Rxc8 Kf7 36. Nc4 Be7 37. Rc7 Ke8 38. Rc6 Kf7 39. Nd6+ Bxd6 40.
Rxd6 Ke7 41. Ra6 e5 42. g4 Kf7 43. Ra7 Ke6 44. Kg2 g6 45. Kf3 h5 46. gxh5 gxh5
47. Kg3 f5 48. Ra6+ Kf7 49. Kh4 Nf6 50. Kg5 Ne4+ 51. Kxf5 Nxf2 52. Ra7+ Kg8 53.
h4 e4 54. Kg6 Kf8 55. Rf7+ 1-0

[Event "Kamen 2- Listiger Bauer"]
[Site "?"]
[Date "2024.02.18"]
[Round "6.3"]
[White "Ball, Joerg"]
[Black "Koch, Marcel"]
[Result "1-0"]
[WhiteElo "1920"]
[BlackElo "1892"]
[PlyCount "177"]
[SourceDate "2024.03.03"]

1. e4 d5 2. exd5 Qxd5 3. Nc3 Qa5 4. b4 Qxb4 5. Rb1 Qd6 6. d4 Nf6 7. Bc4 c6 8.
Nf3 e6 9. O-O Be7 10. Rb3 O-O 11. Re1 Re8 12. a4 b6 13. Qe2 Nbd7 14. Ne5 Nf8
15. Ba3 Qc7 16. Ne4 Nxe4 17. Qxe4 Bxa3 18. Rxa3 Bb7 19. Rg3 c5 20. Qg4 f6 21.
Nf3 Bd5 22. Bb5 Re7 23. dxc5 bxc5 24. h4 c4 25. Nd2 Rd8 26. Nxc4 Bxc4 27. Bxc4
Qb6 28. Rd3 Rxd3 29. cxd3 Qd6 30. h5 Kf7 31. Qe4 f5 32. Qxf5+ Kg8 33. Qe5 Qxe5
34. Rxe5 Kf7 35. a5 Nd7 36. Rb5 Nf6 37. f3 Ne8 38. Re5 Kf6 39. f4 Nd6 40. Ba2
Nf7 41. Rc5 Nd6 42. Kf2 Rb7 43. Kf3 Rb5 44. Rxb5 Nxb5 45. Bc4 Nd6 46. g4 e5 47.
Bg8 h6 48. Ke3 Nb7 49. a6 Nd6 50. fxe5+ Kxe5 51. d4+ Kf6 52. Kd3 Kg5 53. Be6
Kf4 54. Kc3 Ke4 55. d5 Nb5+ 56. Kc4 Nc7 57. Bf7 Ke5 58. Kc5 Nxa6+ 59. Kb5 Nb8
60. Kc5 Kf6 61. Bg6 Ke7 62. d6+ Kd7 63. Kd5 a5 64. Bc2 Na6 65. Ba4+ Kd8 66. Bb5
Nb4+ 67. Ke6 Nc2 68. Kf7 Ne3 69. Kxg7 Nxg4 70. Ba4 Kc8 71. Bd1 Ne3 72. Kxh6
Nxd1 73. Kg6 Kd7 74. h6 Kxd6 75. h7 Kc5 76. h8=Q Ne3 77. Qc3+ Nc4 78. Kf6 Kd5
79. Qb3 Kd4 80. Ke6 Kc5 81. Qa4 Kd4 82. Qb5 Kc3 83. Kd5 Ne3+ 84. Kc5 Nc2 85.
Qxa5+ Kb3 86. Qd2 Kb2 87. Kc4 Kb1 88. Kc3 Ka1 89. Kxc2 1-0

[Event "Kamen 2- Listiger Bauer"]
[Site "?"]
[Date "2024.02.18"]
[Round "6.5"]
[White "Brandhorst, Dieter"]
[Black "Rotter, Chris"]
[Result "1-0"]
[WhiteElo "1862"]
[BlackElo "1787"]
[PlyCount "55"]
[SourceDate "2024.03.03"]

1. e4 e6 2. Qe2 Nc6 3. Nf3 Nf6 4. Nc3 Bb4 5. e5 Ng4 6. h3 Nh6 7. Ne4 d6 8. c3
Ba5 9. b4 Bb6 10. d4 dxe5 11. b5 Ne7 12. Bxh6 gxh6 13. Nf6+ Kf8 14. dxe5 Nd5
15. Rd1 c6 16. Qd2 Kg7 17. Ng4 Qf8 18. c4 Qb4 19. cxd5 Qxd2+ 20. Nxd2 exd5 21.
Nf6 Bf5 22. g4 Bc2 23. Rc1 Ba4 24. bxc6 bxc6 25. Bd3 Ba5 26. Ke2 Rab8 27. Rb1
Bc3 28. Nh5+ 1-0

[Event "Kamen 2- Listiger Bauer"]
[Site "?"]
[Date "2024.02.18"]
[Round "6.6"]
[White "Riemer, Dominik"]
[Black "Petri, Norbert"]
[Result "1/2-1/2"]
[WhiteElo "1751"]
[BlackElo "1803"]
[PlyCount "52"]
[SourceDate "2024.03.03"]

1. b4 c6 2. Bb2 a5 3. a3 axb4 4. axb4 Rxa1 5. Bxa1 d5 6. e3 Nf6 7. Nf3 Bg4 8.
c4 e6 9. c5 Be7 10. Be2 O-O 11. O-O Nbd7 12. Bxf6 Bxf6 13. d4 e5 14. Nc3 Qa8
15. dxe5 Nxe5 16. Nd4 Bxe2 17. Ncxe2 Qa3 18. Qc2 Nc4 19. Rb1 Nxe3 20. Qb3 Qxb3
21. Rxb3 Nc4 22. b5 Re8 23. g3 Be7 24. bxc6 bxc6 25. Nxc6 Bxc5 26. Nf4 g6
1/2-1/2

[Event "Kamen 2- Listiger Bauer"]
[Site "?"]
[Date "2024.02.18"]
[Round "6.7"]
[White "Reich, Andreas"]
[Black "Grundmann, Wolfgang"]
[Result "1/2-1/2"]
[WhiteElo "1777"]
[BlackElo "1623"]
[PlyCount "38"]
[SourceDate "2024.03.03"]

1. c4 c5 2. Nc3 Nc6 3. g3 g6 4. Bg2 Bg7 5. Nf3 d6 6. O-O e6 7. d3 Nge7 8. Bg5
O-O 9. Qc1 a6 10. a3 Qc7 11. Bh6 Nf5 12. Bxg7 Kxg7 13. Rb1 Bd7 14. Rd1 Rab8 15.
e3 b5 16. cxb5 axb5 17. Ne2 e5 18. d4 exd4 19. exd4 c4 1/2-1/2

[Event "Günnigfeld- Werne"]
[Site "?"]
[Date "2024.02.18"]
[Round "6.2"]
[White "Jaennekes, Oliver"]
[Black "Schnelting, Michael"]
[Result "1/2-1/2"]
[WhiteElo "1927"]
[BlackElo "1977"]
[PlyCount "56"]
[SourceDate "2024.03.03"]

1. e4 d6 2. d4 Nf6 3. Nc3 e5 4. h3 exd4 5. Qxd4 Nc6 6. Qd3 Be7 7. Nf3 O-O 8. a3
Re8 9. Be3 Ne5 10. Nxe5 dxe5 11. O-O-O Qxd3 12. Bxd3 c6 13. a4 Be6 14. b3 a6
15. Kb2 Nd7 16. g4 a5 17. f3 Bc5 18. Bxc5 Nxc5 19. Rh2 Kf8 20. Rhd2 Red8 21.
Be2 Rxd2 22. Rxd2 h5 23. Nd1 hxg4 24. hxg4 Ke7 25. Ne3 Rh8 26. Bc4 Bd7 27. Bf1
Be6 28. Bc4 Bd7 1/2-1/2

[Event "Günnigfeld- Werne"]
[Site "?"]
[Date "2024.02.18"]
[Round "6.3"]
[White "Meya, Carsten"]
[Black "Markus, Peter"]
[Result "1/2-1/2"]
[WhiteElo "1829"]
[BlackElo "1863"]
[PlyCount "61"]
[SourceDate "2024.03.03"]

1. e4 e5 2. Nf3 Nc6 3. Bb5 Nf6 4. O-O Nxe4 5. Re1 Nd6 6. Nxe5 Be7 7. Nxc6 dxc6
8. Be2 O-O 9. d4 Nf5 10. c3 Bd6 11. Nd2 Re8 12. Nc4 Be6 13. Nxd6 cxd6 14. b3
Qf6 15. Bb2 Qg6 16. Bh5 Qg5 17. Bc1 Qf6 18. Bf4 Rad8 19. Qd2 h6 20. h3 Nh4 21.
c4 Ng6 22. Bh2 d5 23. c5 Bf5 24. Re3 Re4 25. Rd1 Rde8 26. Rde1 Qg5 27. Bxg6
Qxg6 28. Rxe4 Rxe4 29. Rxe4 Bxe4 30. Bg3 Qg5 31. Qxg5 1/2-1/2

[Event "Günnigfeld- Werne"]
[Site "?"]
[Date "2024.02.18"]
[Round "6.4"]
[White "Radi, Guenter"]
[Black "Gaeßner, Marcus"]
[Result "1/2-1/2"]
[WhiteElo "1832"]
[BlackElo "1826"]
[PlyCount "129"]
[SourceDate "2024.03.03"]

1. f4 Nf6 2. Nf3 d5 3. e3 c5 4. b3 Nc6 5. Bb2 g6 6. Be2 Bg7 7. O-O O-O 8. d4
Ne4 9. c3 cxd4 10. cxd4 Bg4 11. Nbd2 Nxd2 12. Qxd2 e6 13. Rac1 Rc8 14. Bb5 Qb6
15. Bxc6 Rxc6 16. Rxc6 Qxc6 17. Ne5 Bxe5 18. fxe5 Qd7 19. e4 dxe4 20. h3 Bf5
21. g4 e3 22. Qxe3 Bc2 23. Rc1 Rc8 24. Bc3 b5 25. Bb4 Qd5 26. Re1 a5 27. Bc5 a4
28. bxa4 Bxa4 29. a3 Qb3 30. Qf4 Qd5 31. Rf1 Qd7 32. Rf2 Rc7 33. Qf6 Qe8 34. h4
Bd1 35. h5 gxh5 36. Qg5+ Kh8 37. Qxh5 Qg8 38. Rg2 Qg6 39. Qh4 Rc8 40. Kh2 Kg7
41. g5 Qh5 42. Qxh5 Bxh5 43. Rb2 Kg6 44. Rxb5 Kxg5 45. a4 Ra8 46. a5 Bf3 47.
Kg3 Bd5 48. Bb4 Kf5 49. Rc5 Ke4 50. Bc3 Ra7 51. Kg4 Ba8 52. Kg5 Kf3 53. Kh6 Ke3
54. Kxh7 f5+ 55. Kg6 f4 56. Bb2 f3 57. Rc3+ Ke4 58. Rc2 Rxa5 59. Kg5 Ra2 60.
Kg4 Bd5 61. Kg3 Kd3 62. Rf2 Kc4 63. Bc1 Rxf2 64. Kxf2 Kxd4 65. Bf4 1/2-1/2

[Event "Günnigfeld- Werne"]
[Site "?"]
[Date "2024.02.18"]
[Round "6.5"]
[White "Schikowsky, Andreas"]
[Black "Funke, Eckhard"]
[Result "0-1"]
[WhiteElo "1807"]
[BlackElo "1817"]
[PlyCount "56"]
[SourceDate "2024.03.03"]

1. e4 d5 2. exd5 Qxd5 3. d4 Nc6 4. Nf3 Bg4 5. Be2 O-O-O 6. Be3 e5 7. Nxe5 Bxe2
8. Qxe2 Nxe5 9. dxe5 Qxg2 10. Rf1 Ne7 11. Nd2 Qd5 12. Qg4+ Kb8 13. Qa4 Nc6 14.
O-O-O Bc5 15. Bxc5 Qxc5 16. f4 Rd4 17. Ne4 Rxd1+ 18. Rxd1 Qe3+ 19. Nd2 Rd8 20.
Qe4 Qf2 21. Qxh7 Nb4 22. Kb1 Qe2 23. Rc1 Qxd2 24. Qxg7 Nxa2 25. Qxf7 Nxc1 26.
e6 Ne2 27. e7 Qe1+ 28. Ka2 Qa5+ 0-1

[Event "Günnigfeld- Werne"]
[Site "?"]
[Date "2024.02.18"]
[Round "6.6"]
[White "Oberbarnscheidt, Ludger"]
[Black "Horstrup, Robert"]
[Result "1-0"]
[WhiteElo "1957"]
[BlackElo "1651"]
[PlyCount "93"]
[SourceDate "2024.03.03"]

1. Nf3 Nf6 2. c4 g6 3. Nc3 Bg7 4. e4 d6 5. d4 O-O 6. Be2 c5 7. O-O cxd4 8. Nxd4
Nc6 9. Be3 Bd7 10. Nc2 a6 11. f3 Rb8 12. Qd2 Re8 13. Rab1 Ne5 14. Rfc1 Qc7 15.
b3 Bc6 16. Nd5 Qc8 17. Ncb4 Qd7 18. Nb6 Qd8 19. a4 Ned7 20. a5 Nxb6 21. Bxb6
Qc8 22. Nd5 Nd7 23. Ba7 Ra8 24. Bd4 Bxd5 25. cxd5 Bxd4+ 26. Qxd4 Qd8 27. b4 Rc8
28. Rc3 Nf6 29. Rbc1 Rxc3 30. Qxc3 Qd7 31. Qc7 Rd8 32. Qxd7 Rxd7 33. Rc8+ Kg7
34. b5 e6 35. dxe6 fxe6 36. bxa6 bxa6 37. Bxa6 Ra7 38. Rc6 Ne8 39. Kf2 Kf6 40.
Ke3 Nc7 41. Be2 Ke7 42. a6 Kd7 43. Rb6 d5 44. Kd4 dxe4 45. fxe4 h6 46. Rb7 Ra8
47. Kc5 1-0

[Event "Günnigfeld- Werne"]
[Site "?"]
[Date "2024.02.18"]
[Round "6.7"]
[White "Scharfenkamp, Bernd"]
[Black "Evers, Klaus"]
[Result "1/2-1/2"]
[WhiteElo "1610"]
[BlackElo "1650"]
[PlyCount "56"]
[SourceDate "2024.03.03"]

1. e4 c5 2. Nf3 d6 3. d4 cxd4 4. Nxd4 Nf6 5. Nc3 a6 6. Be2 e5 7. Nb3 Be6 8. Bf3
Bc4 9. Be3 Be7 10. Nd2 Be6 11. O-O d5 12. exd5 Nxd5 13. Nxd5 Bxd5 14. Qe2 O-O
15. Rad1 Bxf3 16. Qxf3 Qc7 17. Qd5 Nc6 18. Qb3 b5 19. Ne4 h6 20. f4 Na5 21. Qc3
Qxc3 22. Nxc3 Nc4 23. Bc1 Bc5+ 24. Kh1 Rad8 25. b3 Ne3 26. Bxe3 Bxe3 27. fxe5
Bd4 28. e6 fxe6 1/2-1/2

[Event "Günnigfeld- Werne"]
[Site "?"]
[Date "2024.02.18"]
[Round "6.8"]
[White "Bauer, Matthias"]
[Black "Bahlmann, Fokke"]
[Result "0-1"]
[WhiteElo "1649"]
[BlackElo "1494"]
[PlyCount "70"]
[SourceDate "2024.03.03"]

1. d4 Nf6 2. e3 e6 3. f4 c5 4. c3 cxd4 5. exd4 Nc6 6. Nf3 b6 7. Bd3 Bb7 8. O-O
Be7 9. Nbd2 Qc7 10. Ne5 d6 11. Ng4 O-O 12. Nxf6+ Bxf6 13. Ne4 Be7 14. Qh5 f5
15. Ng5 Bxg5 16. fxg5 Qf7 17. Qh3 Ne7 18. Bf4 Rad8 19. Qg3 d5 20. Rae1 Ng6 21.
Re2 Nxf4 22. Qxf4 g6 23. Rfe1 Rfe8 24. Re5 Bc6 25. R1e3 Re7 26. Rh3 Red7 27.
Rh6 Re7 28. Re3 Qf8 29. Reh3 Rdd7 30. Qe5 Qg7 31. Qb8+ Qf8 32. Qe5 Qg7 33. Rxh7
Qxe5 34. Rh8+ Qxh8 35. Rxh8+ Kxh8 0-1

[Event "Osterfeld- Recklinghausen"]
[Site "?"]
[Date "2024.02.18"]
[Round "6.1"]
[White "Blayvas, Jan"]
[Black "Heisterkamp, Oliver"]
[Result "1-0"]
[WhiteElo "2107"]
[BlackElo "1941"]
[PlyCount "131"]
[SourceDate "2024.03.03"]

1. d4 c5 2. d5 e5 3. e4 d6 4. Be2 Nf6 5. Nc3 Be7 6. Nf3 O-O 7. O-O Ne8 8. a4 f5
9. exf5 Bxf5 10. Nd2 Na6 11. Bxa6 bxa6 12. Nc4 Rb8 13. Qe2 Rb4 14. b3 Nf6 15.
Ba3 Rb8 16. Rad1 g6 17. Bxc5 Nh5 18. Be3 Nf4 19. Bxf4 exf4 20. Ne4 Qd7 21. f3
g5 22. Qd2 Bg6 23. Rde1 Rbc8 24. Rf2 g4 25. fxg4 Qxg4 26. h3 Qh5 27. Rf3 Bh4
28. Re2 Be7 29. c3 Qh4 30. Nexd6 Bxd6 31. Nxd6 Rcd8 32. Ne4 Bh5 33. g4 fxg3 34.
Rxg3+ Bg6 35. Qg5 Qxg5 36. Rxg5 Rf3 37. Kg2 Rd3 38. Rd2 Re3 39. Rd4 Kf7 40. Re5
Rxe4 41. Rexe4 Bxe4+ 42. Rxe4 Rxd5 43. Kf3 Rd1 44. a5 Rd3+ 45. Re3 Rd5 46. b4
Rb5 47. Re4 Rb7 48. Ke3 Kf6 49. Kd4 Rd7+ 50. Kc4 Rc7+ 51. Kd3 Kf5 52. Rh4 Rd7+
53. Rd4 Rg7 54. Rd6 h5 55. Rd5+ Kg6 56. Kc4 Rc7+ 57. Rc5 Rf7 58. Rc6+ Kg5 59.
Rxa6 Rh7 60. b5 Kh4 61. b6 axb6 62. axb6 Kxh3 63. Ra7 Rh8 64. b7 Rb8 65. Kb5 h4
66. Kb6 1-0

[Event "Osterfeld- Recklinghausen"]
[Site "?"]
[Date "2024.02.18"]
[Round "6.2"]
[White "Laudage, Bernd"]
[Black "Callenberg, Ralf"]
[Result "1-0"]
[WhiteElo "1996"]
[BlackElo "2008"]
[PlyCount "123"]
[SourceDate "2024.03.03"]

1. e4 c5 2. Nc3 Nc6 3. g3 g6 4. Bg2 Bg7 5. Nge2 e6 6. d3 Nge7 7. Be3 Nd4 8. Qd2
Rb8 9. Nc1 b5 10. Nd1 e5 11. c3 Ne6 12. Bh6 O-O 13. Bxg7 Kxg7 14. f4 exf4 15.
gxf4 f5 16. O-O d5 17. e5 d4 18. c4 Bb7 19. b3 bxc4 20. dxc4 Qd7 21. Nd3 Be4
22. N1b2 Qc6 23. h4 Ng8 24. Kh2 h5 25. Bh3 Nh6 26. Kg3 Ng4 27. Rae1 Qb7 28. Rg1
Qe7 29. Bg2 Ne3 30. Bh1 Rb6 31. Rxe3 dxe3 32. Qxe3 Bxh1 33. Rxh1 Rd8 34. Na4
Rc6 35. Nc3 Ra6 36. Rh2 Ra5 37. Nd5 Qb7 38. Rd2 Qa6 39. Qf2 Qc6 40. Ne1 Ra3 41.
Nf3 Nc7 42. Nxc7 Rxd2 43. Qxd2 Qxc7 44. Qb2 Ra6 45. e6+ Kf8 46. Qf6+ Ke8 47.
Qxg6+ Kd8 48. e7+ Qxe7 49. Qxa6 Qg7+ 50. Kf2 Qb2+ 51. Ke3 Qc1+ 52. Ke2 Qxf4 53.
Qf6+ Kc8 54. Qe5 Qg4 55. Qxc5+ Kb7 56. Qd5+ Kb8 57. Ke3 f4+ 58. Ke4 Qg2 59. Qd2
Qg6+ 60. Kxf4 Qf7+ 61. Kg3 Qc7+ 62. Qf4 1-0

[Event "Osterfeld- Recklinghausen"]
[Site "?"]
[Date "2024.02.18"]
[Round "6.3"]
[White "Mecklenburg, Roland"]
[Black "Ivchenko, Anatoly"]
[Result "1/2-1/2"]
[WhiteElo "1930"]
[BlackElo "1822"]
[PlyCount "50"]
[SourceDate "2024.03.03"]

1. d4 d5 2. c4 c6 3. Nc3 Nf6 4. Bf4 e6 5. c5 Nh5 6. Bxb8 Rxb8 7. e3 g6 8. Be2
Nf6 9. Nf3 Bg7 10. O-O O-O 11. b4 Nd7 12. Qc2 e5 13. b5 e4 14. Nd2 f5 15. f4
exf3 16. Nxf3 Re8 17. Nd1 Qe7 18. Rb1 a6 19. bxc6 bxc6 20. Rxb8 Nxb8 21. Qb3
Qc7 22. Bd3 Re7 23. Rf2 Qa7 24. Rb2 Rb7 25. Qa3 Bf6 1/2-1/2